| 000 | 00387 a2200169 4500 | ||
|---|---|---|---|
| 001 | 187600 | ||
| 020 | _a85-16-00640-9 | ||
| 040 | _cMagnum | ||
| 100 | _aCarr, Stella | ||
| 240 | 1 | 0 |
_aO enigma do autódromo de interlagos _lpor |
| 245 | 1 | 0 | _aO enigma do autódromo de interlagos |
| 300 | _a94 | ||
| 362 | 0 | _a1993 | |
| 440 | 1 | _aModerna | |
| 697 | _aLITERATURA JUVENIL | ||
| 942 | _cBK | ||
| 999 |
_c187600 _d187600 |
||